Les communes limitrophes de Nanterre - Statistiques

Statistiques générales
  • Ce quiz a été pris 167 fois
  • Le résultat moyen est 6 sur 9
Statistiques - réponses
Hint Réponse % Correct
Sud-Est Puteaux
93%
Sud Rueil-Malmaison
89%
Nord Colombes
88%
Est Courbevoie
84%
Sud Suresnes
75%
Est La Garenne-Colombes
63%
Ouest Chatou
51%
Nord Bezons
49%
Nord-Ouest Carrières-sur-Seine
45%
Aucun quiz correspondant
Distribution des résultats
% des personnes avec chaque résultat
Percentile par nombre de réponses
Votre historique - résultats
Vous n’avez pas pris ce quiz